000 00265nam a2200097 a 4500
005 20140412111242.0
008 110121s19uu xx 00 eng d
050 _aTR(GS 428
_bK32 1996
245 _aBack to basics english :
_bfor 8-9 year olds book 2.
999 _c102800
_d102800